000 00692nam a22001697a 4500
020 _a9780495799825
082 _a808.0666
100 _aRaimes, Ann
245 _aKeys for writers
250 _a6th ed.
260 _aBoston
_bWadsworth Cengage Learning
_c2011
300 _axvi, 611 p.
_bill. (some col.) ;
500 _aContents on p. [612]. With color-coded tabbed dividers and customizable, movable tabbed notecards/bookmarks. Previous ed.: 2008. Includes index.
650 _a1. English language --Rhetoric --Handbooks, manuals, etc. 2. English language --Grammar --Handbooks, manuals, etc. 3. Report writing --Handbooks, manuals, etc.
700 _aJerskey, Maria.
942 _cBK
999 _c488817
_d488817